| 000 | 00000nam 2200000za 4500 |
| 001 | 9.675219 |
| 003 | CaOODSP |
| 005 | 20210831105432 |
| 007 | cr ||||||||||| |
| 008 | 150407|2008||||xxc|||||o f|0| 0 eng d |
| 040 | |aCaOODSP|beng |
| 041 | |aeng |
| 041 | |afre |
| 043 | |an-cn--- |
| 086 | 1 |aNH15-463/2008-PDF |
| 110 | 1 |aCanada.|bCanada Mortgage and Housing Corporation. |bCanadian Housing Information Centre. |
| 245 | 10|aBibliography on homelessness |h[electronic resource] |
| 250 | |aRev. February 2008 |
| 260 | |aOttawa - Ontario : |bCanada Mortgage and Housing Corporation. |cFebruary 2008. |
| 300 | |a90p. |
| 590 | |a11-27-Supp|b2011-11-15 |
| 690 | 07|aHomelessness|2gcpds |
| 792 | |tBibliographie sur les sans-abri |efre|w(CaOODSP)9.675220 |
| 795 | |tBibliography on homelessness |w(CaOODSP)9.675217 |
| 856 | 40|ahttp://publications.gc.ca|qPDF|s167 KB|uhttps://publications.gc.ca/collections/collection_2011/schl-cmhc/NH15-463-2008.pdf |